000 01190cam a22002651i 4500
003 SA-RiAUC
005 20241203143550.0
008 241203s1996 le g 000 0 ara c
040 _aDZ-AlALGU
_bara
_cSA-RiAUC
_erda
082 0 4 _a251.1
090 _a251.1
_b ب ر ز
100 1 _aالبرزنجي، عبد اللطيف عبد الله عزيز
_eمؤلف.
245 1 2 _aالتعارض والترجيح بين الأدلة الشرعية :
_bبحث أصولي مقارن بالمذاهب الإسلامية المختلفة /
_cتأليف عبد اللطيف عبد الله عزيز البرزنجي.
246 3 0 _aبحث أصولي مقارن بالمذاهب الإسلامية المختلفة
264 1 _aبيروت :
_bدار الكتب العلمية،
_c1996
300 _aمجلد؛
_c24 سم
336 _aنص
_btxt
_2rdacontent
_3كتاب
337 _aبدون وسيط
_bn
_2rdamedia
338 _aمجلد
_bnc
_2rdacarrier
650 7 _aالأدلة الشرعية
_2aucsh
650 7 _aأصول الفقه الإسلامي
_2aucsh
650 7 _aالفقه الإسلامي
_xمذاهب
_2aucsh
942 _2ddc
_cBOOK
_n0
949 _aSA-JeALM
_d241203
_uosman123
_n1
999 _c2995
_d2995